Face Off Season 6 Cast Quiz Stats

Quiz not verified by Sporcle

Challenge
Share
Tweet
Embed
Score 0/15 Timer 10:00
0 Plays Today
Hint Answer % Correct
Be sure to enter first and last nameGraham Scofield
80%
Matt Silva
60%
Tyler Green
60%
Tanner White
40%
Chloe Sens
40%
Corrine Foster
40%
Bethany Serpico
40%
George Schminky
40%
Hint Answer % Correct
Niko Gonzalez
40%
Cat Paschen
40%
Margaret Caragan
40%
Tess Laeh
40%
Daniel Phillips
40%
Rashaad Santiago
40%
Daran Holt
40%

You're not logged in!

Compare scores with friends on all Sporcle quizzes.
Sign Up with Email
OR
Log In

You Might Also Like...

Show Comments

Extras

Top Quizzes Today


Score Distribution

Your Account Isn't Verified!

In order to create a playlist on Sporcle, you need to verify the email address you used during registration. Go to your Sporcle Settings to finish the process.